Manchester City ou Manchester United - Statistiques

Statistiques générales
  • Ce quiz a été pris 1 057 fois
    491 depuis la dernière actualisation
  • Le résultat moyen est 9 sur 16
Statistiques - réponses
Question Réponse % Correct
A remporté un trophée européen. Les deux
93%
A remporté la Premier League dans les cinq dernières années Manchester City
93%
A remporté la Ligue des Champions. Les deux
90%
A un joueur ayant joué plus de 900 matchs sous ses couleurs. Manchester United
88%
A eu un espagnol comme entraîneur. Manchester City
82%
A remporté le plus de derbys de Manchester Manchester United
78%
A été fondé en premier Manchester United
77%
A marqué 100 points en Premier League. Manchester City
68%
A un nom de couleur dans l'un de ses surnoms. Les deux
60%
A battu Liverpool en finale de FA Cup. Manchester United
31%
Joue dans un stade de plus de 60.000 places. Manchester United
30%
A affronté Chelsea en finale de Ligue des Champions. Les deux
28%
A retiré un numéro de maillot. Manchester City
28%
A remporté la FA Cup en premier Manchester City
18%
A remporté le plus de Coupe de la Ligue. Manchester City
14%
Ne portait pas le nom de Manchester dans son nom lors de sa fondation. Les deux
7%
Aucun quiz correspondant
Distribution des résultats
% des personnes avec chaque résultat
Percentile par nombre de réponses
Votre historique - résultats
Vous n’avez pas pris ce quiz depuis la dernière actualisation